000
00309nam a22001337a 4500
008
170622b xxu||||| |||| 00| 0 eng d
020
_a
0822310740
041
_a
eng
080
_2
2ND
_a
341.7
100
_a
20
101
_a
SHP
245
_a
INTERNATIONAL ENVIROMENTAL POLICY
_c
CALDWELL,L.K
942
_2
udc
_c
BK
999
_c
18596
_d
18596